000 00671nam a2200205Ii 4500
003 JO-AjNU
008 230605s9999||||xx |||||||||||||| ||und||
040 _aJO-AjNU
_bara
_erda
_cJO-AjNU
041 _aara
050 1 4 _aLB17.I27 1950
100 3 _aالإبراشي،محمد عطية,
_eauthor
_99970
245 0 0 _aروح التربية والتعليم
250 _aط4 منقحة مهذبة
264 3 1 _aالقاهرة:دار إحياء الكتب العربية
300 _a409ص
336 _atext
_btxt
_2rdacontent
337 _aunmediated
_bn
_2rdamedia
338 _avolume
_bnc
_2rdacarrier
650 4 _aالتربية و التعليم-فلسفة
_99971
999 _aA1571
_c5139
_d5139